[Event "DEM U16 2025"]
[Site "Willingen GER"]
[Date "2025.06.09"]
[Round "3"]
[White "Bock, Leonas"]
[Black "Bangert, Jonas"]
[Result "0-1"]
[Termination "normal"]
[Board "15"]
[WhiteElo "1659"]
[BlackElo "1969"]
[WhiteClock "00:00:44"]
[BlackClock "00:01:06"]
[PlyCount "113"]
[WhiteFideId "16287118"]
[BlackFideId "16289650"]
[EventCountry "GER"]
[EventRounds "9"]
[EventType "swiss"]
[EventDate "2025.06.07"]

1. d4 {[%clk 01:30:57]} {[%emt 00:00:02]} Nf6 {[%clk 01:30:53]} {[%emt
00:00:07]} 2. c4 {[%clk 01:31:11]} {[%emt 00:00:16]} e6 {[%clk 01:31:04]}
{[%emt 00:00:19]} 3. Nc3 {[%clk 01:31:16]} {[%emt 00:00:25]} Bb4 {[%clk
01:31:04]} {[%emt 00:00:31]} 4. e3 {[%clk 01:31:06]} {[%emt 00:00:39]} b6
{[%clk 01:30:22]} {[%emt 00:01:13]} 5. Bd3 {[%clk 01:26:38]} {[%emt 00:04:57]}
Bb7 {[%clk 01:29:11]} {[%emt 00:01:42]} 6. f3 {[%clk 01:23:47]} {[%emt
00:03:20]} c5 {[%clk 01:18:06]} {[%emt 00:11:36]} 7. Nge2 {[%clk 01:18:22]}
{[%emt 00:05:54]} cxd4 {[%clk 01:15:28]} {[%emt 00:03:09]} 8. exd4 {[%clk
01:18:32]} {[%emt 00:00:19]} Be7 {[%clk 01:05:28]} {[%emt 00:10:30]} 9. O-O
{[%clk 01:06:18]} {[%emt 00:12:44]} O-O {[%clk 01:02:57]} {[%emt 00:03:02]} 10.
Bf4 {[%clk 00:56:19]} {[%emt 00:10:28]} d5 {[%clk 01:00:12]} {[%emt 00:03:15]}
11. cxd5 {[%clk 00:52:09]} {[%emt 00:04:40]} Nxd5 {[%clk 01:00:19]} {[%emt
00:00:23]} 12. Nxd5 {[%clk 00:51:28]} {[%emt 00:01:11]} Qxd5 {[%clk 00:50:30]}
{[%emt 00:10:20]} 13. Rc1 {[%clk 00:32:11]} {[%emt 00:19:46]} Na6 {[%clk
00:44:48]} {[%emt 00:06:13]} 14. Qa4 {[%clk 00:29:53]} {[%emt 00:02:48]} Nc5
{[%clk 00:43:46]} {[%emt 00:01:32]} 15. Rxc5 {[%clk 00:28:27]} {[%emt
00:01:57]} bxc5 {[%clk 00:29:40]} {[%emt 00:14:36]} 16. Be4 {[%clk 00:28:42]}
{[%emt 00:00:13]} Bc6 {[%clk 00:29:49]} {[%emt 00:00:22]} 17. Qxc6 {[%clk
00:26:23]} {[%emt 00:02:49]} Qxc6 {[%clk 00:23:47]} {[%emt 00:06:32]} 18. Bxc6
{[%clk 00:26:47]} {[%emt 00:00:06]} Rac8 {[%clk 00:23:20]} {[%emt 00:00:57]}
19. Be4 {[%clk 00:21:24]} {[%emt 00:05:52]} cxd4 {[%clk 00:18:49]} {[%emt
00:05:01]} 20. Nxd4 {[%clk 00:09:45]} {[%emt 00:12:09]} Rc4 {[%clk 00:11:57]}
{[%emt 00:07:22]} 21. Ne2 {[%clk 00:08:05]} {[%emt 00:02:10]} Rd8 {[%clk
00:09:58]} {[%emt 00:02:30]} 22. a3 {[%clk 00:05:28]} {[%emt 00:03:06]} f5
{[%clk 00:03:06]} {[%emt 00:07:22]} 23. Bb1 {[%clk 00:05:26]} {[%emt 00:00:32]}
Kf7 {[%clk 00:03:10]} {[%emt 00:00:25]} 24. b4 {[%clk 00:02:37]} {[%emt
00:03:19]} a5 {[%clk 00:01:31]} {[%emt 00:02:10]} 25. b5 {[%clk 00:02:19]}
{[%emt 00:00:47]} Bxa3 {[%clk 00:01:19]} {[%emt 00:00:43]} 26. b6 {[%clk
00:01:57]} {[%emt 00:00:52]} Bc5+ {[%clk 00:01:38]} {[%emt 00:00:11]} 27. Kh1
{[%clk 00:02:11]} {[%emt 00:00:16]} Bxb6 {[%clk 00:02:04]} {[%emt 00:00:04]}
28. Ba2 {[%clk 00:02:03]} {[%emt 00:00:38]} Rc2 {[%clk 00:01:08]} {[%emt
00:01:25]} 29. Nc1 {[%clk 00:02:25]} {[%emt 00:00:08]} Rd4 {[%clk 00:01:17]}
{[%emt 00:00:22]} 30. Be3 {[%clk 00:00:35]} {[%emt 00:02:20]} Rb4 {[%clk
00:01:37]} {[%emt 00:00:10]} 31. Bxb6 {[%clk 00:00:37]} {[%emt 00:00:28]} Rxb6
{[%clk 00:02:06]} {[%emt 00:00:01]} 32. Re1 {[%clk 00:00:57]} {[%emt 00:00:09]}
Rbb2 {[%clk 00:01:42]} {[%emt 00:00:53]} 33. Bxe6+ {[%clk 00:00:55]} {[%emt
00:00:32]} Kf6 {[%clk 00:02:11]} 34. Nd3 {[%clk 00:00:56]} {[%emt 00:00:29]}
Re2 {[%clk 00:01:49]} {[%emt 00:00:52]} 35. Rc1 {[%clk 00:00:54]} {[%emt
00:00:32]} Rbd2 {[%clk 00:01:31]} {[%emt 00:00:48]} 36. Nf4 {[%clk 00:00:45]}
{[%emt 00:00:38]} Rxe6 {[%clk 00:01:57]} {[%emt 00:00:05]} 37. Nxe6 {[%clk
00:00:52]} {[%emt 00:00:23]} Kxe6 {[%clk 00:02:23]} {[%emt 00:00:04]} 38. Kg1
{[%clk 00:01:06]} {[%emt 00:00:16]} Ra2 {[%clk 00:00:46]} {[%emt 00:02:06]} 39.
Kf1 {[%clk 00:01:08]} {[%emt 00:00:29]} a4 {[%clk 00:01:05]} {[%emt 00:00:12]}
40. Rd1 {[%clk 00:00:33]} {[%emt 00:01:04]} a3 {[%clk 00:01:16]} {[%emt
00:00:18]} 41. Rd3 {[%clk 00:28:27]} {[%emt 00:02:36]} f4 {[%clk 00:21:18]}
{[%emt 00:10:29]} 42. g3 {[%clk 00:11:17]} {[%emt 00:17:39]} Rxh2 {[%clk
00:12:58]} {[%emt 00:08:51]} 43. Rxa3 {[%clk 00:11:34]} {[%emt 00:00:14]} fxg3
{[%clk 00:12:32]} {[%emt 00:00:55]} 44. f4 {[%clk 00:11:31]} {[%emt 00:00:33]}
Rf2+ {[%clk 00:11:36]} {[%emt 00:01:25]} 45. Kg1 {[%clk 00:11:50]} {[%emt
00:00:11]} Rxf4 {[%clk 00:11:40]} {[%emt 00:00:27]} 46. Rxg3 {[%clk 00:12:14]}
{[%emt 00:00:05]} Kf6 {[%clk 00:11:13]} {[%emt 00:00:57]} 47. Kg2 {[%emt
00:02:08]} g5 {[%clk 00:07:01]} {[%emt 00:04:03]} 48. Ra3 {[%clk 00:09:19]}
{[%emt 00:02:27]} Kg6 {[%clk 00:07:20]} {[%emt 00:00:11]} 49. Kg3 {[%clk
00:08:30]} {[%emt 00:01:19]} h5 {[%clk 00:01:39]} {[%emt 00:06:11]} 50. Ra6+
{[%clk 00:06:09]} {[%emt 00:02:51]} Rf6 {[%clk 00:02:04]} {[%emt 00:00:05]} 51.
Ra3 {[%clk 00:02:59]} {[%emt 00:03:40]} Re6 {[%clk 00:01:27]} {[%emt 00:01:07]}
52. Rf3 {[%clk 00:02:10]} {[%emt 00:01:17]} Re4 {[%clk 00:00:59]} {[%emt
00:00:59]} 53. Rf2 {[%clk 00:01:33]} {[%emt 00:01:07]} Re3+ {[%clk 00:01:01]}
{[%emt 00:00:29]} 54. Kg2 {[%emt 00:00:16]} h4 {[%clk 00:01:03]} {[%emt
00:00:25]} 55. Ra2 {[%clk 00:00:57]} {[%emt 00:01:22]} Kf5 {[%emt 00:00:50]}
56. Ra4 {[%clk 00:00:48]} {[%emt 00:00:22]} Re4 {[%clk 00:01:06]} {[%emt
00:00:24]} 57. Ra3 {[%clk 00:00:44]} {[%emt 00:00:34]} 0-1

[Event "DEM U16 2025"]
[Site "Willingen GER"]
[Date "2025.06.09"]
[Round "3"]
[White "Kaplan, Arne"]
[Black "Jung, Marcel"]
[Result "1-0"]
[Termination "normal"]
[Board "16"]
[WhiteElo "1846"]
[BlackElo "1728"]
[WhiteClock "01:09:28"]
[BlackClock "00:20:06"]
[PlyCount "65"]
[WhiteFideId "34625194"]
[BlackFideId "34673881"]
[EventCountry "GER"]
[EventRounds "9"]
[EventType "swiss"]
[EventDate "2025.06.07"]

1. e4 {[%clk 01:30:54]} {[%emt 00:00:05]} c5 {[%clk 01:30:33]} {[%emt
00:00:27]} 2. Nf3 {[%clk 01:31:16]} {[%emt 00:00:07]} d6 {[%clk 01:30:47]}
{[%emt 00:00:17]} 3. d4 {[%clk 01:31:40]} {[%emt 00:00:07]} cxd4 {[%clk
01:31:12]} {[%emt 00:00:06]} 4. Nxd4 {[%clk 01:32:03]} {[%emt 00:00:07]} Nf6
{[%clk 01:31:32]} {[%emt 00:00:10]} 5. Nc3 {[%clk 01:32:10]} {[%emt 00:00:22]}
a6 {[%clk 01:31:58]} {[%emt 00:00:05]} 6. Be2 {[%clk 01:32:34]} {[%emt
00:00:06]} e5 {[%clk 01:32:23]} {[%emt 00:00:05]} 7. Nb3 {[%clk 01:32:58]}
{[%emt 00:00:05]} Be7 {[%clk 01:30:52]} {[%emt 00:02:00]} 8. Be3 {[%clk
01:33:20]} {[%emt 00:00:09]} Be6 {[%clk 01:30:37]} {[%emt 00:00:46]} 9. Nd5
{[%clk 01:33:31]} {[%emt 00:00:19]} Nbd7 {[%clk 01:29:27]} {[%emt 00:01:39]}
10. Nxe7 {[%clk 01:30:09]} {[%emt 00:03:52]} Qxe7 {[%clk 01:29:45]} {[%emt
00:00:12]} 11. Bf3 {[%clk 01:28:51]} {[%emt 00:01:48]} O-O {[%clk 01:19:36]}
{[%emt 00:10:39]} 12. g4 {[%clk 01:19:44]} {[%emt 00:09:36]} Bxb3 {[%clk
01:11:03]} {[%emt 00:09:03]} 13. axb3 {[%clk 01:18:57]} {[%emt 00:01:18]} Nc5
{[%clk 01:09:17]} {[%emt 00:02:15]} 14. g5 {[%clk 01:12:51]} {[%emt 00:06:36]}
Nfxe4 {[%clk 01:04:26]} {[%emt 00:05:21]} 15. b4 {[%clk 01:13:12]} {[%emt
00:00:10]} Nxg5 {[%clk 01:01:57]} {[%emt 00:02:59]} 16. bxc5 {[%clk 01:12:55]}
{[%emt 00:00:47]} Nxf3+ {[%clk 01:02:10]} {[%emt 00:00:17]} 17. Qxf3 {[%clk
01:13:16]} {[%emt 00:00:08]} dxc5 {[%clk 01:01:54]} {[%emt 00:00:48]} 18. Rg1
{[%clk 01:11:00]} {[%emt 00:02:45]} Kh8 {[%clk 00:58:16]} {[%emt 00:04:07]} 19.
O-O-O {[%clk 01:09:17]} {[%emt 00:02:14]} f5 {[%clk 00:52:37]} {[%emt
00:06:08]} 20. Qd5 {[%clk 01:08:18]} {[%emt 00:01:28]} Rac8 {[%clk 00:48:33]}
{[%emt 00:04:35]} 21. Qd7 {[%clk 01:06:35]} {[%emt 00:02:13]} Qf6 {[%clk
00:37:54]} {[%emt 00:11:09]} 22. Rd6 {[%clk 01:05:38]} {[%emt 00:01:27]} Rfd8
{[%clk 00:31:59]} {[%emt 00:06:26]} 23. Rxf6 {[%clk 01:05:59]} {[%emt
00:00:08]} Rxd7 {[%clk 00:32:17]} {[%emt 00:00:12]} 24. Rxf5 {[%clk 01:06:23]}
{[%emt 00:00:05]} Re7 {[%clk 00:20:56]} {[%emt 00:11:53]} 25. Bxc5 {[%clk
01:06:44]} {[%emt 00:00:08]} Rec7 {[%clk 00:20:27]} {[%emt 00:00:59]} 26. Rf8+
{[%clk 01:07:06]} {[%emt 00:00:08]} Rxf8 {[%clk 00:20:37]} {[%emt 00:00:21]}
27. Bxf8 {[%clk 01:07:29]} {[%emt 00:00:06]} Rf7 {[%clk 00:19:52]} {[%emt
00:01:16]} 28. Bc5 {[%clk 01:07:49]} {[%emt 00:00:09]} g6 {[%clk 00:20:01]}
{[%emt 00:00:21]} 29. Re1 {[%clk 01:08:06]} {[%emt 00:00:13]} Rf5 {[%clk
00:20:19]} {[%emt 00:00:13]} 30. Rxe5 {[%clk 01:08:28]} {[%emt 00:00:07]} Rf4
{[%clk 00:20:05]} {[%emt 00:00:44]} 31. Re8+ {[%clk 01:08:41]} {[%emt
00:00:17]} Kg7 {[%clk 00:20:26]} {[%emt 00:00:09]} 32. Re7+ {[%clk 01:09:06]}
{[%emt 00:00:05]} Kf6 {[%clk 00:20:06]} {[%emt 00:00:50]} 33. Rxh7 {[%clk
01:09:28]} {[%emt 00:00:07]} 1-0

[Event "DEM U16 2025"]
[Site "Willingen GER"]
[Date "2025.06.11"]
[Round "5"]
[White "Klaska, Philipp Leon"]
[Black "Korchynskyi, Mykola"]
[Result "1/2-1/2"]
[Termination "normal"]
[Board "1"]
[WhiteTitle "FM"]
[BlackTitle "FM"]
[WhiteElo "2248"]
[BlackElo "2335"]
[WhiteClock "00:00:38"]
[BlackClock "00:04:28"]
[PlyCount "79"]
[WhiteFideId "16238044"]
[BlackFideId "34138005"]
[EventCountry "GER"]
[EventRounds "9"]
[EventType "swiss"]
[EventDate "2025.06.07"]

1. d4 {[%clk 01:30:52]} {[%emt 00:00:07]} Nf6 {[%clk 01:30:52]} {[%emt
00:00:09]} 2. c4 {[%clk 01:31:06]} {[%emt 00:00:16]} e6 {[%clk 01:31:16]}
{[%emt 00:00:06]} 3. Nc3 {[%clk 01:31:14]} {[%emt 00:00:22]} Bb4 {[%clk
01:30:43]} {[%emt 00:01:02]} 4. e3 {[%clk 01:30:01]} {[%emt 00:01:43]} O-O
{[%clk 01:30:39]} {[%emt 00:00:35]} 5. Nge2 {[%clk 01:29:24]} {[%emt 00:01:07]}
Re8 {[%clk 01:28:19]} {[%emt 00:02:50]} 6. a3 {[%clk 01:25:02]} {[%emt
00:04:52]} Bf8 {[%clk 01:28:44]} {[%emt 00:00:05]} 7. Ng3 {[%clk 01:24:42]}
{[%emt 00:00:50]} d5 {[%clk 01:13:00]} {[%emt 00:16:14]} 8. b4 {[%clk
01:16:45]} {[%emt 00:08:27]} a5 {[%clk 01:03:11]} {[%emt 00:10:19]} 9. b5
{[%clk 01:16:44]} {[%emt 00:00:31]} b6 {[%clk 01:03:28]} {[%emt 00:00:13]} 10.
cxd5 {[%clk 01:10:59]} {[%emt 00:06:15]} exd5 {[%clk 01:03:52]} {[%emt
00:00:06]} 11. Bd3 {[%clk 01:11:06]} {[%emt 00:00:22]} Bb7 {[%clk 01:01:07]}
{[%emt 00:03:16]} 12. O-O {[%clk 01:10:18]} {[%emt 00:01:18]} g6 {[%clk
00:55:55]} {[%emt 00:05:41]} 13. a4 {[%clk 01:00:09]} {[%emt 00:10:39]} c5
{[%clk 00:45:32]} {[%emt 00:10:54]} 14. bxc6 {[%clk 00:58:39]} {[%emt
00:02:00]} Nxc6 {[%clk 00:43:15]} {[%emt 00:02:46]} 15. Bb5 {[%clk 00:56:17]}
{[%emt 00:02:52]} Rc8 {[%clk 00:25:46]} {[%emt 00:18:00]} 16. Bb2 {[%clk
00:45:10]} {[%emt 00:11:36]} h5 {[%clk 00:24:08]} {[%emt 00:02:08]} 17. Qb3
{[%clk 00:38:45]} {[%emt 00:06:55]} Bd6 {[%clk 00:21:28]} {[%emt 00:03:10]} 18.
Nxd5 {[%clk 00:24:14]} {[%emt 00:15:01]} Nxd5 {[%clk 00:20:44]} {[%emt
00:01:14]} 19. Qxd5 {[%clk 00:24:43]} {[%emt 00:00:02]} h4 {[%clk 00:20:10]}
{[%emt 00:01:04]} 20. Ne4 {[%clk 00:24:33]} {[%emt 00:00:39]} Re6 {[%clk
00:17:44]} {[%emt 00:02:55]} 21. Nxd6 {[%clk 00:20:33]} {[%emt 00:04:31]} Rxd6
{[%clk 00:18:08]} {[%emt 00:00:06]} 22. Qf3 {[%clk 00:19:41]} {[%emt 00:01:17]}
Qg5 {[%clk 00:17:45]} {[%emt 00:00:58]} 23. Rac1 {[%clk 00:16:52]} {[%emt
00:03:19]} Nd8 {[%clk 00:09:50]} {[%emt 00:08:25]} 24. Qh3 {[%clk 00:15:58]}
{[%emt 00:01:23]} Rxc1 {[%clk 00:09:38]} {[%emt 00:00:42]} 25. Rxc1 {[%clk
00:16:12]} {[%emt 00:00:16]} Ne6 {[%clk 00:09:48]} {[%emt 00:00:20]} 26. Be2
{[%clk 00:10:16]} {[%emt 00:06:24]} Qd5 {[%clk 00:04:14]} {[%emt 00:06:07]} 27.
Qf3 {[%clk 00:09:13]} {[%emt 00:01:32]} Qb3 {[%clk 00:04:09]} {[%emt 00:00:35]}
28. Qxb7 {[%clk 00:09:36]} {[%emt 00:00:07]} Qxb2 {[%clk 00:04:37]} {[%emt
00:00:02]} 29. Qc8+ {[%clk 00:09:54]} {[%emt 00:00:11]} Kh7 {[%clk 00:04:09]}
{[%emt 00:00:58]} 30. Qc2 {[%clk 00:10:11]} {[%emt 00:00:12]} Qa3 {[%clk
00:04:33]} {[%emt 00:00:08]} 31. Bb5 {[%clk 00:08:33]} {[%emt 00:02:08]} Ng5
{[%clk 00:04:23]} {[%emt 00:00:40]} 32. Qc3 {[%clk 00:06:57]} {[%emt 00:02:06]}
Qa2 {[%clk 00:04:51]} {[%emt 00:00:02]} 33. Qc2 {[%clk 00:06:56]} {[%emt
00:00:31]} Qa3 {[%clk 00:05:17]} {[%emt 00:00:04]} 34. h3 {[%clk 00:04:59]}
{[%emt 00:02:27]} Rf6 {[%clk 00:04:48]} {[%emt 00:00:59]} 35. Rd1 {[%clk
00:04:00]} {[%emt 00:01:28]} Qe7 {[%clk 00:04:32]} {[%emt 00:00:47]} 36. Bd3
{[%clk 00:03:12]} {[%emt 00:01:17]} Qd7 {[%clk 00:04:21]} {[%emt 00:00:41]} 37.
Bb5 {[%clk 00:03:01]} {[%emt 00:00:41]} Qe7 {[%clk 00:04:09]} {[%emt 00:00:42]}
38. Bd3 {[%clk 00:03:22]} {[%emt 00:00:09]} Qd7 {[%clk 00:04:03]} {[%emt
00:00:36]} 39. Bf1 {[%clk 00:02:29]} {[%emt 00:01:21]} Qe7 {[%clk 00:04:28]}
{[%emt 00:00:08]} 40. Bd3 {[%clk 00:00:38]} {[%emt 00:02:21]} 1/2-1/2

[Event "DEM U16 2025"]
[Site "Willingen GER"]
[Date "2025.06.11"]
[Round "5"]
[White "Schuricht, Emil Frederick"]
[Black "Malinowsky, Levi"]
[Result "1/2-1/2"]
[Termination "normal"]
[Board "2"]
[WhiteTitle "FM"]
[BlackTitle "CM"]
[WhiteElo "2328"]
[BlackElo "2193"]
[WhiteClock "00:26:04"]
[BlackClock "00:32:32"]
[PlyCount "43"]
[WhiteFideId "16270185"]
[BlackFideId "16253094"]
[EventCountry "GER"]
[EventRounds "9"]
[EventType "swiss"]
[EventDate "2025.06.07"]

1. Nf3 {[%clk 01:30:47]} {[%emt 00:00:11]} c5 {[%clk 01:30:45]} {[%emt
00:00:16]} 2. c4 {[%clk 01:31:00]} {[%emt 00:00:17]} Nf6 {[%clk 01:30:37]}
{[%emt 00:00:37]} 3. g3 {[%clk 01:28:27]} {[%emt 00:03:04]} d5 {[%clk
01:29:56]} {[%emt 00:01:12]} 4. cxd5 {[%clk 01:28:53]} {[%emt 00:00:04]} Nxd5
{[%clk 01:30:21]} {[%emt 00:00:05]} 5. Bg2 {[%clk 01:29:17]} {[%emt 00:00:05]}
Nc6 {[%clk 01:29:53]} {[%emt 00:00:58]} 6. d4 {[%clk 01:22:40]} {[%emt
00:07:08]} e6 {[%clk 01:14:04]} {[%emt 00:16:19]} 7. O-O {[%clk 01:18:48]}
{[%emt 00:04:21]} Be7 {[%clk 01:07:40]} {[%emt 00:06:55]} 8. dxc5 {[%clk
01:01:49]} {[%emt 00:17:29]} Bxc5 {[%clk 01:02:40]} {[%emt 00:05:29]} 9. Nc3
{[%clk 00:58:38]} {[%emt 00:03:41]} Nxc3 {[%clk 00:55:18]} {[%emt 00:07:52]}
10. Qxd8+ {[%clk 00:59:02]} {[%emt 00:00:07]} Nxd8 {[%clk 00:49:21]} {[%emt
00:06:27]} 11. bxc3 {[%clk 00:59:25]} {[%emt 00:00:07]} b6 {[%clk 00:47:52]}
{[%emt 00:01:59]} 12. Nd4 {[%clk 00:47:27]} {[%emt 00:12:27]} Bb7 {[%clk
00:46:20]} {[%emt 00:02:02]} 13. Bf4 {[%clk 00:43:13]} {[%emt 00:04:44]} Bxg2
{[%clk 00:43:57]} {[%emt 00:02:53]} 14. Kxg2 {[%clk 00:43:23]} {[%emt
00:00:20]} f6 {[%clk 00:35:03]} {[%emt 00:09:25]} 15. Nb3 {[%clk 00:39:40]}
{[%emt 00:04:12]} e5 {[%clk 00:34:01]} {[%emt 00:01:33]} 16. Nxc5 {[%clk
00:38:42]} {[%emt 00:01:28]} exf4 {[%clk 00:34:02]} {[%emt 00:00:29]} 17. Ne4
{[%clk 00:35:32]} {[%emt 00:03:39]} Ne6 {[%clk 00:32:21]} {[%emt 00:02:11]} 18.
Nd6+ {[%clk 00:30:39]} {[%emt 00:05:23]} Ke7 {[%clk 00:32:35]} {[%emt
00:00:16]} 19. Nf5+ {[%clk 00:30:45]} {[%emt 00:00:23]} Kf7 {[%clk 00:32:31]}
{[%emt 00:00:35]} 20. Nd6+ {[%clk 00:29:32]} {[%emt 00:01:43]} Ke7 {[%clk
00:32:07]} {[%emt 00:00:54]} 21. Nf5+ {[%clk 00:29:21]} {[%emt 00:00:41]} Kf7
{[%clk 00:32:32]} {[%emt 00:00:06]} 22. Nd6+ {[%clk 00:26:04]} {[%emt
00:03:46]} 1/2-1/2

[Event "DEM U16 2025"]
[Site "Willingen GER"]
[Date "2025.06.11"]
[Round "5"]
[White "Jahnz, Laurin"]
[Black "Atoyan, Alberto"]
[Result "0-1"]
[Termination "normal"]
[Board "3"]
[WhiteTitle "CM"]
[BlackTitle "CM"]
[WhiteElo "2221"]
[BlackElo "2266"]
[WhiteClock "00:05:24"]
[BlackClock "00:10:05"]
[PlyCount "56"]
[WhiteFideId "16261089"]
[BlackFideId "13314831"]
[EventCountry "GER"]
[EventRounds "9"]
[EventType "swiss"]
[EventDate "2025.06.07"]

1. e4 {[%clk 01:30:57]} {[%emt 00:00:02]} c5 {[%clk 01:30:44]} {[%emt
00:00:17]} 2. c3 {[%clk 01:31:24]} {[%emt 00:00:04]} Nf6 {[%clk 01:29:55]}
{[%emt 00:01:18]} 3. e5 {[%clk 01:31:49]} {[%emt 00:00:05]} Nd5 {[%clk
01:30:22]} {[%emt 00:00:04]} 4. Nf3 {[%clk 01:32:16]} {[%emt 00:00:03]} d6
{[%clk 01:30:32]} {[%emt 00:00:20]} 5. d4 {[%clk 01:32:37]} {[%emt 00:00:09]}
cxd4 {[%clk 01:30:24]} {[%emt 00:00:38]} 6. exd6 {[%clk 01:33:01]} {[%emt
00:00:06]} Qxd6 {[%clk 01:28:50]} {[%emt 00:02:03]} 7. Nxd4 {[%clk 01:33:25]}
{[%emt 00:00:06]} e6 {[%clk 01:22:01]} {[%emt 00:07:19]} 8. Be2 {[%clk
01:32:03]} {[%emt 00:01:53]} a6 {[%clk 01:19:50]} {[%emt 00:02:40]} 9. O-O
{[%clk 01:30:32]} {[%emt 00:02:01]} Be7 {[%clk 01:19:27]} {[%emt 00:00:52]} 10.
Bf3 {[%clk 01:29:24]} {[%emt 00:01:38]} O-O {[%clk 01:15:12]} {[%emt 00:04:46]}
11. Re1 {[%clk 01:21:42]} {[%emt 00:08:11]} Rd8 {[%clk 01:12:35]} {[%emt
00:03:08]} 12. Nd2 {[%clk 01:19:50]} {[%emt 00:02:22]} Qc7 {[%clk 01:11:24]}
{[%emt 00:01:40]} 13. Qb3 {[%clk 01:14:34]} {[%emt 00:05:47]} Nc6 {[%clk
01:00:48]} {[%emt 00:11:05]} 14. Nxc6 {[%clk 01:11:59]} {[%emt 00:03:06]} bxc6
{[%clk 01:01:14]} {[%emt 00:00:04]} 15. Nc4 {[%clk 01:09:27]} {[%emt 00:03:01]}
a5 {[%clk 00:56:50]} {[%emt 00:04:54]} 16. Ne5 {[%clk 00:43:35]} {[%emt
00:26:23]} Bd6 {[%clk 00:44:06]} {[%emt 00:13:14]} 17. Bxd5 {[%clk 00:31:51]}
{[%emt 00:12:13]} cxd5 {[%clk 00:35:40]} {[%emt 00:08:56]} 18. Nf3 {[%clk
00:27:34]} {[%emt 00:04:47]} Rb8 {[%clk 00:33:26]} {[%emt 00:02:44]} 19. Qd1
{[%clk 00:26:20]} {[%emt 00:01:44]} Bb7 {[%clk 00:29:59]} {[%emt 00:03:57]} 20.
Nd4 {[%clk 00:21:13]} {[%emt 00:05:37]} Bxh2+ {[%clk 00:26:17]} {[%emt
00:04:13]} 21. Kh1 {[%clk 00:21:34]} {[%emt 00:00:08]} Bd6 {[%clk 00:26:04]}
{[%emt 00:00:43]} 22. Bg5 {[%clk 00:15:14]} {[%emt 00:06:50]} Re8 {[%clk
00:24:33]} {[%emt 00:02:01]} 23. Qg4 {[%clk 00:14:32]} {[%emt 00:01:12]} f5
{[%clk 00:19:49]} {[%emt 00:05:15]} 24. Qe2 {[%clk 00:12:45]} {[%emt 00:02:16]}
Qd7 {[%clk 00:16:51]} {[%emt 00:03:28]} 25. Qd3 {[%clk 00:09:50]} {[%emt
00:03:24]} Qf7 {[%clk 00:12:40]} {[%emt 00:04:42]} 26. Bh4 {[%clk 00:06:28]}
{[%emt 00:03:52]} Qh5 {[%clk 00:11:16]} {[%emt 00:01:55]} 27. Qh3 {[%clk
00:06:54]} {[%emt 00:00:03]} g5 {[%clk 00:10:18]} {[%emt 00:01:28]} 28. Nb5
{[%clk 00:05:24]} {[%emt 00:02:01]} g4 {[%clk 00:10:05]} {[%emt 00:00:43]} 0-1